<?xml version="1.0" encoding="UTF-8"?>
<collection xmlns="http://www.loc.gov/MARC21/slim">
 <record>
  <leader>     na                 </leader>
  <controlfield tag="001">INLIS000000000000517</controlfield>
  <controlfield tag="005">20210302104658</controlfield>
  <controlfield tag="035">$a 0010-0321000010</controlfield>
  <controlfield tag="245">$a ANCAS: Guru milenial ora jadul /$c Yusmanto</controlfield>
  <controlfield tag="100">$a Yusmanto</controlfield>
  <controlfield tag="300">$a 42 hlm : $b ilus ; $c 18.5 x 26.5 cm</controlfield>
  <controlfield tag="260">$a Purwokerto :$b Yayasan carablaka,$c 2020</controlfield>
  <controlfield tag="082">$a 050</controlfield>
  <controlfield tag="084">$a 050 YUS a</controlfield>
  <controlfield tag="022">$a 2087-023x</controlfield>
  <controlfield tag="863">$a Oktober 2020</controlfield>
  <controlfield tag="990">$a M0084/2020</controlfield>
  <controlfield tag="990">$a M0085/2020</controlfield>
 </record>
</collection>
